00504nam a2200205 a 4500001001300000003000900013005001700022008004100039020001000080082001300090100002200103245002600125260003400151300000900185500003500194505001000229650001900239650001800258700002200276nice12345678IN_TiNIC20260116012340.0050524s1961 boma grp 000 0 eng  ac10000a821bGHO aGhose, Sisirkumar aLater Poems of Tagore aBombaybAsia Pub. Housec1961 a304p aincludes index and biblioraphy2 aIndex aEnglish-Poetry aTagore-Poetry1 aGhose, Sisirkumar